000 00602nam a2200253Ia 4500
005 20260121114059.0
008 008 260114s9999 xx 000 0 eng d
020 _a9781118857915
037 _aEBOOK
040 _aCRL
040 _beng
040 _cCRL
041 _2eng
041 _aeng
084 _qCRL
100 _aBoyd
_9970624
245 0 _aAquaculture, Resource Use, and the Environment
260 _bWiley
260 _c2015
856 _uhttps://onlinelibrary.wiley.com/doi/book/10.1002/9781118857915
942 _cEBOOK
999 _c1549878
_d1549878